| 000 | 00407nam a22001217a 4500 | ||
|---|---|---|---|
| 082 | _a220 PRO | ||
| 100 |
_aNS AQIB ABBAS NS MUHAMMAD HASSAN NS ZESHAN HAIDER PC ZAIN NADEEM _971033 |
||
| 245 | _aPR-SOF-1597- SOLAR POWERED UAV | ||
| 260 |
_aISLAMABAD _bNUST COLLEGE OF EME _c2016 |
||
| 650 |
_aDE-ELECT-34 _971034 |
||
| 700 |
_aSUPERVISORS Lec. Sufiyan Hafeez Khan Dr. Fahad Mumtaz Malik _971035 |
||
| 942 | _cCR | ||
| 999 |
_c577770 _d577770 |
||